Roitt : (Record no. 10171)

MARC details
000 -LEADER
fixed length control field 00874nam a2200277 4500
003 - CONTROL NUMBER IDENTIFIER
control field AR-FvUNAJ
005 - DATE AND TIME OF LATEST TRANSACTION
control field 20251216143609.0
007 - PHYSICAL DESCRIPTION FIXED FIELD--GENERAL INFORMATION
fixed length control field cr
008 - FIXED-LENGTH DATA ELEMENTS--GENERAL INFORMATION
fixed length control field 090612s1995____sp_||||||||||_||||||spa|d
020 ## - INTERNATIONAL STANDARD BOOK NUMBER
International Standard Book Number 9786079356279
040 ## - CATALOGING SOURCE
Transcribing agency AR-FvUNAJ
100 1# - MAIN ENTRY--PERSONAL NAME
Personal name Delves, Peter
9 (RLIN) 20162
245 10 - TITLE STATEMENT
Title Roitt :
Remainder of title Inmunología /
Statement of responsibility, etc Peter Delves, Seamus Martin, Dennis Burton, Ivan Roitt.
250 ## - EDITION STATEMENT
Edition statement 12a.ed
260 ## - PUBLICATION, DISTRIBUTION, ETC. (IMPRINT)
Place of publication, distribution, etc Buenos Aires :
Name of publisher, distributor, etc Medica Panamericana,
Date of publication, distribution, etc 2015.
300 ## - PHYSICAL DESCRIPTION
Extent p.
Other physical details digital
546 ## - LANGUAGE NOTE
Language note Texto en español
650 27 - SUBJECT ADDED ENTRY--TOPICAL TERM
Topical term or geographic name as entry element INMUNOLOGIA
Source of heading or term decs
650 27 - SUBJECT ADDED ENTRY--TOPICAL TERM
Topical term or geographic name as entry element PATOLOGIA
Source of heading or term unescot
9 (RLIN) 837
700 1# - ADDED ENTRY--PERSONAL NAME
Personal name Martin, Seamus J.
9 (RLIN) 20163
700 1# - ADDED ENTRY--PERSONAL NAME
Personal name Burton, Dennis
9 (RLIN) 20164
700 1# - ADDED ENTRY--PERSONAL NAME
Personal name Roitt, Ivan
9 (RLIN) 20165
856 ## - ELECTRONIC LOCATION AND ACCESS
Uniform Resource Identifier <a href="https://cin.ticmas.io/bidi/book/f50ad495-ee79-4090-b305-4e9a6edba853">https://cin.ticmas.io/bidi/book/f50ad495-ee79-4090-b305-4e9a6edba853</a>
942 ## - ADDED ENTRY ELEMENTS (KOHA)
Koha item type Libro electrónico
Source of classification or shelving scheme Dewey Decimal Classification
980 ## - EQUIVALENCE OR CROSS-REFERENCE-SERIES STATEMENT--PERSONAL NAME/TITLE [LOCAL, CANADA]
Linkage 2
Personal name Virginia Figueroa
Field link and sequence number 19227
Miscellaneous information Leticia Ana Abalos
Holdings
Withdrawn status Lost status Source of classification or shelving scheme Damaged status Not for loan Collection code Home library Current library Date acquired Date last seen Uniform Resource Identifier Price effective from Koha item type
    Dewey Decimal Classification   Acceso BIDI(usuario y contraseña) BIDI Bibliotecas Digitales Bibliotecas Digitales 07/12/2023 07/12/2023 https://cin.ticmas.io/bidi/book/f50ad495-ee79-4090-b305-4e9a6edba853 07/12/2023 Libro electrónico

Lunes a Viernes 8:30 a 19:00 hs. Cerrado por mudanza
Av.Calchaqui 6200 Florencio Varela (CP188) 2°piso Edificio Mosconi Aula 209-210
Mail: bibliotecacentralunaj@gmail.com  
Whatsapp(54 9)1122668024    ❔Pregunte a la bibliotecaria
© Universidad Nacional Arturo Jauretche | Secretaría Académica | Biblioteca Central UNAJ